[Event "Madrid-chT 2122"]
[Site "Madrid"]
[Date "2022.02.19"]
[Round "10.1"]
[White "Martinez Reyes, Pedro Ramon"]
[Black "Moreno Trujillo, Alejandro"]
[Result "1/2-1/2"]
[WhiteElo "2402"]
[BlackElo "2493"]
[PlyCount "93"]
[EventDate "2021.11.27"]
[EventType "team-tourn"]
[EventRounds "14"]
[EventCountry "ESP"]
[SourceTitle "Ajedrez en Madrid"]
[Source "lmi"]
[SourceDate "2021.11.28"]
[SourceVersion "1"]
[SourceVersionDate "2022.03.28"]
[SourceQuality "1"]
[WhiteTeam "Blanco y Negro"]
[BlackTeam "Villalba 64"]
[WhiteTeamCountry "ESP"]
[BlackTeamCountry "ESP"]

1. Nf3 Nf6 2. g3 g6 3. Bg2 Bg7 4. O-O O-O 5. d4 d5 6. c4 c6 7. cxd5 cxd5 8. Nc3
Ne4 9. Ne5 Nxc3 10. bxc3 Nc6 11. Nxc6 bxc6 12. Qa4 Qb6 13. Ba3 Qa6 14. Qxa6
Bxa6 15. Rfe1 Rfe8 16. Bf1 e6 17. e3 Bxf1 18. Kxf1 Rab8 19. Rab1 Bf8 20. Bxf8
Kxf8 21. Rb3 Rb6 22. Reb1 Reb8 23. Ke2 Ke7 24. Kd3 Kd6 25. c4 Rxb3+ 26. Rxb3
Rxb3+ 27. axb3 c5 28. f3 a5 29. e4 dxe4+ 30. Kxe4 f5+ 31. Kd3 cxd4 32. Kxd4 e5+
33. Kd3 Kc6 34. g4 Kc5 35. gxf5 gxf5 36. Kc3 h6 37. h3 Kc6 38. Kd3 Kd6 39. Kd2
Kc6 40. Kd3 Kc5 41. Kc3 Kc6 42. Kd3 h5 43. h4 Kd6 44. Kd2 Kc6 45. Kd3 Kb6 46.
Kd2 Kc6 47. Kd3 1/2-1/2

[Event "Madrid-chT 2122"]
[Site "Madrid"]
[Date "2022.02.19"]
[Round "10.2"]
[White "Khamrakulov, Ibragim S"]
[Black "Taboas Rodriguez, Daniel"]
[Result "1-0"]
[WhiteElo "2417"]
[BlackElo "2369"]
[PlyCount "53"]
[EventDate "2021.11.27"]
[EventType "team-tourn"]
[EventRounds "14"]
[EventCountry "ESP"]
[SourceTitle "Ajedrez en Madrid"]
[Source "lmi"]
[SourceDate "2021.11.28"]
[SourceVersion "1"]
[SourceVersionDate "2022.03.28"]
[SourceQuality "1"]
[WhiteTeam "Villalba 64"]
[BlackTeam "Blanco y Negro"]
[WhiteTeamCountry "ESP"]
[BlackTeamCountry "ESP"]

1. e4 e6 2. d4 d5 3. Nd2 Nc6 4. Ngf3 Nf6 5. e5 Ne4 6. Bd3 Nxd2 7. Bxd2 Nb4 8.
Be2 c5 9. O-O Bd7 10. c4 dxc4 11. Bxc4 b5 12. dxc5 Bxc5 13. Bb3 O-O 14. Rc1 Be7
15. Be3 a5 16. a3 Nc6 17. Qd3 Be8 18. Qe4 Na7 19. Bc2 g6 20. Bh6 Bc6 21. Qf4
Re8 22. Rfd1 Qc7 23. Ng5 Bf8 24. Bxf8 Rxf8 25. Rd6 Rad8 26. Qh4 h5 27. Bxg6 1-0

[Event "Madrid-chT 2122"]
[Site "Madrid"]
[Date "2022.02.19"]
[Round "10.3"]
[White "Alarcia Astiz, Carlos"]
[Black "Montoliu Cervero, Francisco"]
[Result "0-1"]
[WhiteElo "2310"]
[BlackElo "2415"]
[PlyCount "100"]
[EventDate "2021.11.27"]
[EventType "team-tourn"]
[EventRounds "14"]
[EventCountry "ESP"]
[SourceTitle "Ajedrez en Madrid"]
[Source "lmi"]
[SourceDate "2021.11.28"]
[SourceVersion "1"]
[SourceVersionDate "2022.03.28"]
[SourceQuality "1"]
[WhiteTeam "Blanco y Negro"]
[BlackTeam "Villalba 64"]
[WhiteTeamCountry "ESP"]
[BlackTeamCountry "ESP"]

1. e4 c5 2. Nf3 d6 3. d4 cxd4 4. Nxd4 Nf6 5. Nc3 a6 6. f4 e5 7. Nf3 Nbd7 8. Bd3
b5 9. a3 Bb7 10. O-O Be7 11. Kh1 O-O 12. Qe1 Qc7 13. fxe5 dxe5 14. Qg3 g6 15.
Bh6 Rfe8 16. Ng5 Bf8 17. Qh4 Qd6 18. Rf3 Bxh6 19. Qxh6 Qf8 20. Qh4 h6 21. Nh3
Qg7 22. Qf2 Re6 23. Rf1 Rf8 24. Ng1 Rd6 25. Nge2 Nh7 26. Qe3 Ng5 27. Rg3 Nf6
28. Qc5 Re6 29. Re3 Rc8 30. Qb4 Qf8 31. Nc1 Qd8 32. Nb3 Rd6 33. Re2 Ne6 34.
Ref2 Nf4 35. Rxf4 exf4 36. Rxf4 Qe7 37. h3 Qe5 38. Rf1 Nh5 39. Ne2 Rf6 40. Rxf6
Nxf6 41. Nd2 Re8 42. Nf3 Qe7 43. Qd2 Nxe4 44. Bxe4 Qxe4 45. Ned4 Qe3 46. Qd1
Qf2 47. Kh2 Bxf3 48. Nxf3 Re2 49. Qd8+ Kh7 50. Nh4 Qf4+ 0-1

[Event "Madrid-chT 2122"]
[Site "Madrid"]
[Date "2022.02.19"]
[Round "10.4"]
[White "Sanchez Gonzalez, Sergio"]
[Black "Renteria Becerra, Jorge Elicer"]
[Result "1-0"]
[WhiteElo "2296"]
[BlackElo "2258"]
[PlyCount "111"]
[EventDate "2021.11.27"]
[EventType "team-tourn"]
[EventRounds "14"]
[EventCountry "ESP"]
[SourceTitle "Ajedrez en Madrid"]
[Source "lmi"]
[SourceDate "2021.11.28"]
[SourceVersion "1"]
[SourceVersionDate "2022.03.28"]
[SourceQuality "1"]
[WhiteTeam "Villalba 64"]
[BlackTeam "Blanco y Negro"]
[WhiteTeamCountry "ESP"]
[BlackTeamCountry "ESP"]

1. e4 d6 2. d4 Nf6 3. Nc3 e5 4. Nf3 Nbd7 5. g4 Nxg4 6. Rg1 exd4 7. Nxd4 Nde5 8.
h3 Nf6 9. Be3 a6 10. f4 Ng6 11. Qe2 c5 12. Nf3 Qe7 13. O-O-O Bd7 14. Rxg6 hxg6
15. e5 dxe5 16. fxe5 Bc6 17. exf6 gxf6 18. Qf2 Rh5 19. Bf4 Rf5 20. Re1 Rxf4 21.
Rxe7+ Bxe7 22. Bg2 O-O-O 23. h4 f5 24. Ne2 Bxh4 25. Qxc5 Rxf3 26. b3 Bg5+ 27.
Kb2 Bf6+ 28. Kb1 Kb8 29. Bxf3 Bxf3 30. Nc1 Be4 31. Nd3 g5 32. Qb6 Bc6 33. Kc1
Kc8 34. Qc5 Kc7 35. Qxf5 Bc3 36. Qxf7+ Kb8 37. Qc4 Bd4 38. Qe6 Bc3 39. Ne5 Bb5
40. Qf6 Rc8 41. Qxg5 Rh8 42. Nf3 Ka8 43. Qe3 Bg7 44. Qg1 Bc3 45. Qc5 Bf6 46. c3
Bc6 47. Nd4 Be4 48. Qd6 Bg7 49. Kb2 Rf8 50. Qg3 Bf6 51. Ne6 Rc8 52. Nc7+ Ka7
53. Qf2+ Kb8 54. Nxa6+ bxa6 55. Qxf6 Bb7 56. c4 1-0

[Event "Madrid-chT 2122"]
[Site "Madrid"]
[Date "2022.02.19"]
[Round "10.5"]
[White "Hidalgo Duque, Carlos"]
[Black "Garcia Luengo, Leandro"]
[Result "0-1"]
[WhiteElo "2254"]
[BlackElo "2275"]
[PlyCount "72"]
[EventDate "2021.11.27"]
[EventType "team-tourn"]
[EventRounds "14"]
[EventCountry "ESP"]
[SourceTitle "Ajedrez en Madrid"]
[Source "lmi"]
[SourceDate "2021.11.28"]
[SourceVersion "1"]
[SourceVersionDate "2022.03.28"]
[SourceQuality "1"]
[WhiteTeam "Blanco y Negro"]
[BlackTeam "Villalba 64"]
[WhiteTeamCountry "ESP"]
[BlackTeamCountry "ESP"]

1. Nf3 f5 2. d4 Nf6 3. c4 e6 4. g3 d5 5. Bg2 Bd6 6. O-O c6 7. b3 Qe7 8. Bb2 O-O
9. Qc1 b6 10. Ba3 Bxa3 11. Qxa3 Qxa3 12. Nxa3 Nbd7 13. Rac1 Ba6 14. Rc2 Rfc8
15. Rfc1 Kf8 16. e3 Ke7 17. Bf1 Bb7 18. cxd5 exd5 19. Nb1 Kd6 20. Nc3 Ne4 21.
b4 g6 22. a4 Nxc3 23. Rxc3 a5 24. Rb1 axb4 25. Rxb4 Ba6 26. Bh3 c5 27. dxc5+
bxc5 28. Rb2 Rab8 29. Rcb3 Rxb3 30. Rxb3 Bc4 31. Rb1 Ra8 32. Ra1 Ra5 33. Nd2
Bb5 34. g4 fxg4 35. Bxg4 Rxa4 36. Rb1 Rxg4+ 0-1

[Event "Madrid-chT 2122"]
[Site "Madrid"]
[Date "2022.02.19"]
[Round "10.6"]
[White "Perdomo Araujo, Angel Eduardo"]
[Black "Balbuena Fuentes, Mario"]
[Result "0-1"]
[WhiteElo "2082"]
[BlackElo "2250"]
[PlyCount "94"]
[EventDate "2021.11.27"]
[EventType "team-tourn"]
[EventRounds "14"]
[EventCountry "ESP"]
[SourceTitle "Ajedrez en Madrid"]
[Source "lmi"]
[SourceDate "2021.11.28"]
[SourceVersion "1"]
[SourceVersionDate "2022.03.28"]
[SourceQuality "1"]
[WhiteTeam "Villalba 64"]
[BlackTeam "Blanco y Negro"]
[WhiteTeamCountry "ESP"]
[BlackTeamCountry "ESP"]

1. e4 e6 2. d4 d5 3. Nc3 Nf6 4. e5 Nfd7 5. f4 c5 6. Nce2 Nc6 7. c3 Qb6 8. Nf3
Be7 9. g3 O-O 10. Bg2 f6 11. Bh3 cxd4 12. Bxe6+ Kh8 13. Bxd5 fxe5 14. Bxc6 Qxc6
15. O-O d3 16. Qxd3 e4 17. Qe3 exf3 18. Qxe7 fxe2 19. Qxe2 Nf6 20. Be3 Bh3 21.
Rfe1 Rfe8 22. Qc2 Rxe3 23. Rxe3 Qb6 24. Rae1 Ng4 25. Qb3 Qxb3 26. axb3 Nxe3 27.
Rxe3 Bd7 28. Re7 Bc6 29. Kf2 Rd8 30. Rc7 h6 31. Ke2 Re8+ 32. Kf2 Kg8 33. b4 Rd8
34. Ke2 Rd7 35. Rc8+ Kf7 36. Ke3 a6 37. c4 Rd1 38. b5 axb5 39. cxb5 Bxb5 40.
Rc7+ Rd7 41. Rc2 Rd3+ 42. Ke4 Rb3 43. Ke5 Bc6 44. g4 Ke7 45. Rf2 Re3+ 46. Kd4
Rf3 47. Re2+ Kd6 0-1

[Event "Madrid-chT 2122"]
[Site "Madrid"]
[Date "2022.02.20"]
[Round "10.1"]
[White "Reyes Larena, Juan"]
[Black "Espinosa Aranda, Angel"]
[Result "1/2-1/2"]
[WhiteElo "2443"]
[BlackElo "2450"]
[PlyCount "37"]
[EventDate "2021.11.27"]
[EventType "team-tourn"]
[EventRounds "14"]
[EventCountry "ESP"]
[SourceTitle "Ajedrez en Madrid"]
[Source "lmi"]
[SourceDate "2021.11.28"]
[SourceVersion "1"]
[SourceVersionDate "2022.03.28"]
[SourceQuality "1"]
[WhiteTeam "San Sebastian de los Reyes"]
[BlackTeam "Virgen de Atocha"]
[WhiteTeamCountry "ESP"]
[BlackTeamCountry "ESP"]

1. e4 c5 2. Nf3 d6 3. c3 Nf6 4. Bb5+ Bd7 5. Bxd7+ Qxd7 6. d3 e6 7. O-O Be7 8.
Qe2 Nc6 9. d4 cxd4 10. cxd4 d5 11. e5 Ne4 12. Nbd2 Nxd2 13. Bxd2 O-O 14. Rad1
Rac8 15. h4 Bb4 16. Bf4 Ne7 17. h5 h6 18. Rc1 Rxc1 19. Rxc1 1/2-1/2

[Event "Madrid-chT 2122"]
[Site "Madrid"]
[Date "2022.02.20"]
[Round "10.2"]
[White "Rubio Mejia, Luis Ignacio"]
[Black "Alfaya Marcelo, Roberto"]
[Result "1-0"]
[WhiteElo "2409"]
[BlackElo "2233"]
[PlyCount "107"]
[EventDate "2021.11.27"]
[EventType "team-tourn"]
[EventRounds "14"]
[EventCountry "ESP"]
[SourceTitle "Ajedrez en Madrid"]
[Source "lmi"]
[SourceDate "2021.11.28"]
[SourceVersion "1"]
[SourceVersionDate "2022.03.28"]
[SourceQuality "1"]
[WhiteTeam "Virgen de Atocha"]
[BlackTeam "San Sebastian de los Reyes"]
[WhiteTeamCountry "ESP"]
[BlackTeamCountry "ESP"]

1. c4 e6 2. Nc3 d5 3. d4 Nf6 4. cxd5 exd5 5. Bg5 Nbd7 6. e3 c6 7. Bd3 Bd6 8.
Qc2 h6 9. Bh4 O-O 10. Nf3 Re8 11. g4 g5 12. Bg3 Bxg3 13. hxg3 Nxg4 14. Qe2 Ndf6
15. O-O-O Kg7 16. Nd2 b5 17. Kb1 a5 18. Rc1 Bd7 19. Nb3 Ne4 20. Nxe4 dxe4 21.
Bc2 Nf6 22. f3 exf3 23. Qxf3 Bg4 24. Qf2 Qe7 25. Rcf1 Ne4 26. Qh2 Rh8 27. Nd2
Nxd2+ 28. Qxd2 Rae8 29. e4 Be6 30. d5 cxd5 31. exd5 Bd7 32. Qxa5 Qd6 33. Qc3+
Re5 34. Qf3 f6 35. Rd1 b4 36. Rd4 Rc8 37. Qh5 f5 38. Bb3 Be8 39. Qd1 Bg6 40.
Ka1 Re3 41. Rg1 Kh7 42. Bc2 Qc5 43. Bb1 b3 44. g4 bxa2 45. Bxf5 Bxf5 46. gxf5
Qd6 47. Rd3 Re4 48. Qh5 Qf6 49. d6 Rb4 50. Rd2 Rcb8 51. d7 Rd8 52. Re1 Qxf5 53.
Re7+ Kg8 54. Qe8+ 1-0

[Event "Madrid-chT 2122"]
[Site "Madrid"]
[Date "2022.02.20"]
[Round "10.3"]
[White "Martinez Fernandez, Raul"]
[Black "Rabadan Velasco, Raul"]
[Result "1-0"]
[WhiteElo "2229"]
[BlackElo "2174"]
[PlyCount "87"]
[EventDate "2021.11.27"]
[EventType "team-tourn"]
[EventRounds "14"]
[EventCountry "ESP"]
[SourceTitle "Ajedrez en Madrid"]
[Source "lmi"]
[SourceDate "2021.11.28"]
[SourceVersion "1"]
[SourceVersionDate "2022.03.28"]
[SourceQuality "1"]
[WhiteTeam "San Sebastian de los Reyes"]
[BlackTeam "Virgen de Atocha"]
[WhiteTeamCountry "ESP"]
[BlackTeamCountry "ESP"]

1. e4 Nf6 2. e5 Nd5 3. c4 Nb6 4. d4 d6 5. f4 Bf5 6. Nf3 e6 7. Nc3 Be7 8. Be2
O-O 9. O-O h6 10. Be3 d5 11. c5 Nc4 12. Bc1 b6 13. b3 Na5 14. b4 Nc4 15. a3 a5
16. Ra2 Qd7 17. Qb3 bxc5 18. bxc5 Nc6 19. Qa4 Rfd8 20. Rd1 Na7 21. Qxd7 Rxd7
22. Kf2 Rb8 23. Nd2 Nc6 24. Nxc4 dxc4 25. Be3 Rb3 26. Rc1 Bd3 27. Bd1 Rb8 28.
Ba4 Rxd4 29. Bxc6 Rdd8 30. Na4 f6 31. Nb2 fxe5 32. fxe5 Rf8+ 33. Bf3 g5 34.
Nxd3 cxd3 35. Ke1 Rf5 36. Kd2 Rb3 37. Rc3 Rxc3 38. Kxc3 Rxe5 39. Kxd3 Bxc5 40.
Bxc5 Rxc5 41. Rc2 Rxc2 42. Kxc2 Kf7 43. Kb3 Ke7 44. Ka4 1-0

[Event "Madrid-chT 2122"]
[Site "Madrid"]
[Date "2022.02.20"]
[Round "10.4"]
[White "Martinez Conde Hernandez, Carlos"]
[Black "Hernandez Ramos, David"]
[Result "1-0"]
[WhiteElo "2182"]
[BlackElo "2110"]
[PlyCount "113"]
[EventDate "2021.11.27"]
[EventType "team-tourn"]
[EventRounds "14"]
[EventCountry "ESP"]
[SourceTitle "Ajedrez en Madrid"]
[Source "lmi"]
[SourceDate "2021.11.28"]
[SourceVersion "1"]
[SourceVersionDate "2022.03.28"]
[SourceQuality "1"]
[WhiteTeam "Virgen de Atocha"]
[BlackTeam "San Sebastian de los Reyes"]
[WhiteTeamCountry "ESP"]
[BlackTeamCountry "ESP"]

1. e4 e6 2. d4 d5 3. Nc3 Nf6 4. Bg5 Be7 5. e5 Nfd7 6. h4 a6 7. Qg4 Bxg5 8. hxg5
c5 9. dxc5 Nxe5 10. Qg3 Nbc6 11. O-O-O Qe7 12. Re1 d4 13. Ne4 Nd7 14. g6 h6 15.
Nd6+ Kf8 16. Nxf7 Rg8 17. Qf3 Qf6 18. Rh3 Qxf3 19. Rxf3 Ke7 20. Nh3 Nxc5 21.
Nf4 Kd7 22. c3 dxc3 23. Rxc3 b6 24. Nd3 Nxd3+ 25. Bxd3 Bb7 26. Be4 Rac8 27.
Bxc6+ Bxc6 28. Ne5+ Kd6 29. Nc4+ Ke7 30. Nxb6 Rc7 31. Nd5+ Bxd5 32. Rxc7+ Kf6
33. Re3 Kxg6 34. Ra3 Kf6 35. g3 Rd8 36. Kd2 Rb8 37. b3 Rb6 38. Ke3 g6 39. Ra5
Ke5 40. Ra7 Rb4 41. f3 Rb8 42. R7xa6 Rf8 43. f4+ Kf5 44. Rxd5+ exd5 45. Kf3 h5
46. Rd6 Ra8 47. Rxd5+ Ke6 48. Rd2 Rc8 49. Re2+ Kd5 50. Re5+ Kd4 51. Rg5 Rc3+
52. Kg2 Rc2+ 53. Kh3 Ke4 54. Rxg6 Kf3 55. f5 Rxa2 56. f6 Ra1 57. Kh4 1-0

[Event "Madrid-chT 2122"]
[Site "Madrid"]
[Date "2022.02.20"]
[Round "10.5"]
[White "Pulido Gomez, Pablo"]
[Black "Rodrigo Yanguas, Maria"]
[Result "0-1"]
[WhiteElo "1635"]
[BlackElo "1970"]
[PlyCount "78"]
[EventDate "2021.11.27"]
[EventType "team-tourn"]
[EventRounds "14"]
[EventCountry "ESP"]
[SourceTitle "Ajedrez en Madrid"]
[Source "lmi"]
[SourceDate "2021.11.28"]
[SourceVersion "1"]
[SourceVersionDate "2022.03.28"]
[SourceQuality "1"]
[WhiteTeam "San Sebastian de los Reyes"]
[BlackTeam "Virgen de Atocha"]
[WhiteTeamCountry "ESP"]
[BlackTeamCountry "ESP"]

1. e4 e6 2. d4 d5 3. Nc3 Nf6 4. Bg5 dxe4 5. Nxe4 Be7 6. Nxf6+ Bxf6 7. Bxf6 Qxf6
8. Nf3 b6 9. Bb5+ Bd7 10. Qe2 O-O 11. O-O-O Bxb5 12. Qxb5 a6 13. Qe2 Nc6 14.
Qe4 Nb4 15. Kb1 c5 16. a3 Nd5 17. c4 Ne7 18. Rhe1 cxd4 19. Rxd4 b5 20. cxb5
axb5 21. Rb4 Nd5 22. Rxb5 Rxa3 23. Rc1 Ra7 24. Rbc5 Rb7 25. R1c2 Rb4 26. R5c4
Rxc4 27. Qxc4 h6 28. Qe4 Rb8 29. Qe5 Qd8 30. Nd4 Ra8 31. Nc6 Qb6 32. Qd6 Qa6
33. Rd2 Qa2+ 34. Kc2 Qc4+ 35. Kb1 Qe4+ 36. Rc2 Qe1+ 37. Rc1 Ra1+ 38. Kxa1 Qxc1+
39. Ka2 Qxc6 0-1

[Event "Madrid-chT 2122"]
[Site "Madrid"]
[Date "2022.02.20"]
[Round "10.6"]
[White "Rey Martinez, Jaime"]
[Black "Arroyo Martinez, Fernando"]
[Result "1-0"]
[WhiteElo "2042"]
[BlackElo "1879"]
[PlyCount "73"]
[EventDate "2021.11.27"]
[EventType "team-tourn"]
[EventRounds "14"]
[EventCountry "ESP"]
[SourceTitle "Ajedrez en Madrid"]
[Source "lmi"]
[SourceDate "2021.11.28"]
[SourceVersion "1"]
[SourceVersionDate "2022.03.28"]
[SourceQuality "1"]
[WhiteTeam "Virgen de Atocha"]
[BlackTeam "San Sebastian de los Reyes"]
[WhiteTeamCountry "ESP"]
[BlackTeamCountry "ESP"]

1. e4 c5 2. Nf3 Nc6 3. d4 cxd4 4. Nxd4 Nf6 5. Nc3 e5 6. Ndb5 d6 7. Bg5 a6 8.
Na3 b5 9. Bxf6 gxf6 10. Nd5 Bg7 11. g3 f5 12. Bg2 Ra7 13. exf5 Bxf5 14. Ne3 Ne7
15. Nxf5 Nxf5 16. Bc6+ Kf8 17. O-O Rc7 18. Bd5 h5 19. c3 h4 20. Qf3 Qg5 21. Nc2
Bh6 22. Rad1 hxg3 23. fxg3 Nh4 24. Qe4 Rg8 25. Kh1 Ng6 26. Rf5 Qd8 27. Rdf1 Nh8
28. a4 Rg7 29. Nb4 bxa4 30. Nxa6 Ra7 31. Nb4 Qb6 32. Qh4 Rg6 33. Nc6 Rc7 34.
Qd8+ Kg7 35. Ne7 Kh7 36. Nxg6 fxg6 37. Qg8# 1-0

[Event "Madrid-chT 2122"]
[Site "Madrid"]
[Date "2022.02.20"]
[Round "10.1"]
[White "Vazquez Igarza, Renier"]
[Black "Candela Perez, Jose"]
[Result "1-0"]
[WhiteElo "2531"]
[BlackElo "2334"]
[PlyCount "85"]
[EventDate "2021.11.27"]
[EventType "team-tourn"]
[EventRounds "14"]
[EventCountry "ESP"]
[SourceTitle "Ajedrez en Madrid"]
[Source "lmi"]
[SourceDate "2021.11.28"]
[SourceVersion "1"]
[SourceVersionDate "2022.03.28"]
[SourceQuality "1"]
[WhiteTeam "Collado Villalba"]
[BlackTeam "Alcala de Henares"]
[WhiteTeamCountry "ESP"]
[BlackTeamCountry "ESP"]

1. d4 d5 2. c4 c6 3. Nf3 Nf6 4. e3 a6 5. Nbd2 b5 6. b3 Bg4 7. h3 Bxf3 8. Nxf3
e6 9. c5 g6 10. a4 Nbd7 11. Bb2 Bg7 12. Bd3 O-O 13. Qc2 Qe7 14. O-O Rfc8 15. b4
Ne8 16. e4 Nc7 17. Rfe1 Nf6 18. e5 Nd7 19. Bc1 Ra7 20. Ra3 bxa4 21. Rxa4 Nb8
22. h4 Nb5 23. Bg5 Qf8 24. Qd2 h6 25. Bf4 h5 26. Bg5 Nd7 27. Qf4 Rca8 28. g4
hxg4 29. Qxg4 Nc3 30. Ra3 Nb5 31. Ra5 Qe8 32. Kg2 Rb7 33. Rh1 Nc7 34. h5 Rxb4
35. hxg6 fxg6 36. Bd2 Qb8 37. Qxg6 Nf8 38. Qh5 Rb7 39. Ng5 Qe8 40. Bh7+ Nxh7
41. Qxh7+ Kf8 42. Ra3 Qe7 43. Qg6 1-0

[Event "Madrid-chT 2122"]
[Site "Madrid"]
[Date "2022.02.20"]
[Round "10.2"]
[White "Moreno Ibañez, Miguel"]
[Black "Pulvett Marin, Daniel Eduardo"]
[Result "1/2-1/2"]
[WhiteElo "2284"]
[BlackElo "2499"]
[PlyCount "214"]
[EventDate "2021.11.27"]
[EventType "team-tourn"]
[EventRounds "14"]
[EventCountry "ESP"]
[SourceTitle "Ajedrez en Madrid"]
[Source "lmi"]
[SourceDate "2021.11.28"]
[SourceVersion "1"]
[SourceVersionDate "2022.03.28"]
[SourceQuality "1"]
[WhiteTeam "Alcala de Henares"]
[BlackTeam "Collado Villalba"]
[WhiteTeamCountry "ESP"]
[BlackTeamCountry "ESP"]

1. e4 c5 2. Nc3 Nc6 3. Bb5 Nd4 4. Nge2 a6 5. Bc4 Nc6 6. a3 b5 7. Ba2 e6 8. d4
cxd4 9. Nxd4 Bb7 10. O-O Rc8 11. Nxc6 Bxc6 12. Re1 d6 13. Qd4 Nf6 14. Bg5 Be7
15. Rad1 O-O 16. Re3 Bb7 17. Rh3 Ne8 18. Bd2 Qc7 19. Qd3 Nf6 20. Bg5 Rfd8 21.
Qe2 Qc5 22. Be3 Qc6 23. Rd4 Nd7 24. Qh5 Nf8 25. Nd5 Qe8 26. Nxe7+ Qxe7 27. c3
Rd7 28. Bg5 f6 29. Bc1 Qf7 30. Qd1 d5 31. Rhd3 Rcd8 32. f4 f5 33. e5 Rc7 34. g4
g6 35. h4 fxg4 36. Qxg4 Qf5 37. Qg2 Rdd7 38. Be3 Rc4 39. Rd1 Rxd4 40. cxd4 Rc7
41. Bb1 Qh5 42. Rf1 Rf7 43. Bd3 Qxh4 44. Bd2 Nd7 45. Rf3 Nf8 46. Rh3 Qd8 47.
Kh1 Qb6 48. Be3 Qa5 49. Qg3 Qa4 50. Qe1 a5 51. Qe2 b4 52. Bc2 Qc6 53. axb4 axb4
54. Bd3 Bc8 55. Kg2 Ra7 56. Rh1 Ba6 57. Rc1 Bxd3 58. Qxd3 Qd7 59. Bf2 Qf7 60.
Bg3 Rc7 61. Rc5 Rxc5 62. dxc5 Qb7 63. b3 Nd7 64. Qd4 Nb8 65. Qd1 Nc6 66. Qg4
Qf7 67. Qe2 Qb7 68. Qg4 Nd4 69. Bf2 Nf5 70. Qg5 Qe7 71. c6 Kf7 72. Qf6+ Qxf6
73. exf6 Kxf6 74. Bc5 Ne7 75. c7 Nc8 76. Bxb4 e5 77. Bc5 exf4 78. b4 Ke6 79. b5
Kd7 80. b6 Kc6 81. Kf3 g5 82. Kg4 h6 83. Kh5 f3 84. Kg4 Kb7 85. Kxf3 h5 86. Be3
Nd6 87. Bxg5 Kxb6 88. Kg3 Kxc7 89. Kh4 Ne4 90. Be3 Kc6 91. Kxh5 Kb5 92. Kg4 Kc4
93. Kf3 Kd3 94. Ba7 Nd6 95. Kf4 Nb5 96. Bb6 Kc4 97. Ke3 Nd6 98. Kd2 Nf5 99. Ba7
Nd4 100. Bb6 Nb3+ 101. Ke3 Kb5 102. Ba7 Kc6 103. Bd4 Kb5 104. Ba7 Na5 105. Kd3
Nc6 106. Bg1 Nb4+ 107. Kc3 Nc6 1/2-1/2

[Event "Madrid-chT 2122"]
[Site "Madrid"]
[Date "2022.02.20"]
[Round "10.3"]
[White "Lianes Garcia, Marcos"]
[Black "Fernandez Lledo, Javier"]
[Result "1-0"]
[WhiteElo "2413"]
[BlackElo "2243"]
[PlyCount "47"]
[EventDate "2021.11.27"]
[EventType "team-tourn"]
[EventRounds "14"]
[EventCountry "ESP"]
[SourceTitle "Ajedrez en Madrid"]
[Source "lmi"]
[SourceDate "2021.11.28"]
[SourceVersion "1"]
[SourceVersionDate "2022.03.28"]
[SourceQuality "1"]
[WhiteTeam "Collado Villalba"]
[BlackTeam "Alcala de Henares"]
[WhiteTeamCountry "ESP"]
[BlackTeamCountry "ESP"]

1. e4 c5 2. Nf3 e6 3. d4 cxd4 4. Nxd4 Nc6 5. Nc3 Qc7 6. Be3 Nf6 7. Qf3 a6 8.
O-O-O Ne5 9. Qg3 b5 10. f4 Neg4 11. Bg1 b4 12. Na4 Nh6 13. Qe3 Bb7 14. Bd3 d5
15. e5 Ne4 16. Qh3 g6 17. g4 g5 18. Qh5 O-O-O 19. fxg5 Ng8 20. Nf3 d4 21. Bxd4
Rxd4 22. Nxd4 Nxg5 23. Rhf1 Be4 24. Nxe6 1-0

[Event "Madrid-chT 2122"]
[Site "Madrid"]
[Date "2022.02.20"]
[Round "10.4"]
[White "Palenciano Escolar, Adrian"]
[Black "Quispe Arteaga, Gabriel"]
[Result "1/2-1/2"]
[WhiteElo "2131"]
[BlackElo "2385"]
[PlyCount "74"]
[EventDate "2021.11.27"]
[EventType "team-tourn"]
[EventRounds "14"]
[EventCountry "ESP"]
[SourceTitle "Ajedrez en Madrid"]
[Source "lmi"]
[SourceDate "2021.11.28"]
[SourceVersion "1"]
[SourceVersionDate "2022.03.28"]
[SourceQuality "1"]
[WhiteTeam "Alcala de Henares"]
[BlackTeam "Collado Villalba"]
[WhiteTeamCountry "ESP"]
[BlackTeamCountry "ESP"]

1. d4 Nf6 2. Bg5 e6 3. e4 h6 4. Bxf6 Qxf6 5. c3 c5 6. Nf3 Nc6 7. Bb5 cxd4 8.
cxd4 Bb4+ 9. Nc3 O-O 10. O-O b6 11. Ne2 Qe7 12. Rc1 Bb7 13. Ng3 Rac8 14. Qd3
Bd6 15. a3 Bxg3 16. hxg3 Nb8 17. Qe3 d6 18. Rfe1 Rfd8 19. b4 Nd7 20. Bxd7 Qxd7
21. Nd2 Rxc1 22. Rxc1 Rc8 23. Rc3 Rc7 24. f3 d5 25. e5 Ba6 26. f4 Rxc3 27. Qxc3
Qa4 28. Kh2 Qd1 29. Nf3 Be2 30. f5 Bxf3 31. gxf3 Qe2+ 32. Kg1 Kh7 33. g4 b5 34.
fxe6 fxe6 35. Qc8 Qe1+ 36. Kg2 Qe2+ 37. Kg1 Qe1+ 1/2-1/2

[Event "Madrid-chT 2122"]
[Site "Madrid"]
[Date "2022.02.20"]
[Round "10.5"]
[White "Alonso Garcia, Aaron"]
[Black "Cubillo Muñoz, Miguel"]
[Result "1-0"]
[WhiteElo "2374"]
[BlackElo "2145"]
[PlyCount "79"]
[EventDate "2021.11.27"]
[EventType "team-tourn"]
[EventRounds "14"]
[EventCountry "ESP"]
[SourceTitle "Ajedrez en Madrid"]
[Source "lmi"]
[SourceDate "2021.11.28"]
[SourceVersion "1"]
[SourceVersionDate "2022.03.28"]
[SourceQuality "1"]
[WhiteTeam "Collado Villalba"]
[BlackTeam "Alcala de Henares"]
[WhiteTeamCountry "ESP"]
[BlackTeamCountry "ESP"]

1. e4 c5 2. Nf3 g6 3. d4 cxd4 4. Nxd4 Bg7 5. Nc3 Nc6 6. Be3 Nf6 7. Bc4 Qa5 8.
O-O O-O 9. Nb3 Qc7 10. Be2 d6 11. f4 b6 12. Bf3 Bb7 13. Qd2 Rac8 14. Rf2 Rfd8
15. Nd5 Nxd5 16. exd5 Na5 17. Nxa5 bxa5 18. c3 a4 19. a3 Qa5 20. f5 Rb8 21. Bd4
Be5 22. Re1 Qc7 23. fxg6 hxg6 24. Qh6 Bxd4 25. cxd4 Rbc8 26. Bh5 Qa5 27. Ref1
Qxd5 28. Bf3 Qxd4 29. Bxb7 Rc2 30. Qg5 Rd7 31. Bd5 e6 32. Bxe6 Rxf2 33. Qxg6+
Kf8 34. Rxf2 Re7 35. Qh6+ Ke8 36. Qc1 Kf8 37. Qc4 Qb6 38. Qf4 Ke8 39. Bxf7+ Kd8
40. Bc4 1-0